स्मरणसाखळी (Record no. 1056084)

MARC details
000 -LEADER
fixed length control field 00581nam a2200181Ia 4500
008 - FIXED-LENGTH DATA ELEMENTS--GENERAL INFORMATION
fixed length control field 151018s9999 xx 000 0 und d
082 ## - DEWEY DECIMAL CLASSIFICATION NUMBER
Item number RBASDV63743
Classification number 891.464
100 ## - MAIN ENTRY--PERSONAL NAME
Personal name वसंत बळवंत आगाशे
245 ## - TITLE STATEMENT
Title स्मरणसाखळी
250 ## - EDITION STATEMENT
Remainder of edition statement 184
260 ## - PUBLICATION, DISTRIBUTION, ETC. (IMPRINT)
Name of publisher, distributor, etc भारद्वाज
Date of publication, distribution, etc 2011
300 ## - PHYSICAL DESCRIPTION
Extent 184
600 ## - SUBJECT ADDED ENTRY--PERSONAL NAME
Personal name वसंत बळवंत आगाशे
630 ## - SUBJECT ADDED ENTRY--UNIFORM TITLE
Uniform title स्मरणसाखळी
700 ## - ADDED ENTRY--PERSONAL NAME
Personal name वसंत बळवंत आगाशे
730 ## - ADDED ENTRY--UNIFORM TITLE
Uniform title स्मरणसाखळी
942 ## - ADDED ENTRY ELEMENTS (KOHA)
Koha item type Book
Holdings
Withdrawn status Lost status Damaged status Not for loan Home library Current library Date acquired Cost, normal purchase price Total Checkouts Full call number Barcode Date last seen Cost, replacement price Price effective from Koha item type
        R.B. Anant Shivaji Desai Vachanalaya and Granthalaya, Kudal R.B. Anant Shivaji Desai Vachanalaya and Granthalaya, Kudal 04/01/2015 21.00   RBASDV63743 RBASDV63743 10/18/2015 21.00 10/18/2015 Book